000 00880nam a22002417a 4500
003 UA-OsUOA
001 105436
007 ta
008 20140304b un ||||| |||| 00| 0 ukr d
090 _a340(075.8)
_bЮ70
942 _cBK
040 _aUA-OsUOA
_bukr
_cUA-OsUOA
_dUA-OsUOA
245 _a"Юридичні клініки" в Україні: роль, завдання та організаційно-правові засади
_bнавчальний посібник
_cза ред. М. В. Дулеби
300 _a120 с.
955 _a2
041 _aukr
080 _a340(075.8)
020 _a966-8126-06-8
591 _aБФ "Правничі ініціативи"
260 _aК.
_bЛеся
_c2003
650 7 _a340 Право в цілому. Пропедевтика. Методи та допоміжні правничі науки
_2UDC
999 _c391721
_d391721